000
00266nam a2200097Ia 4500
001
644427
005
20250826153604.0
008
250824s9999 xx 000 0 und d
245
0
_a
PİRAMİTLERİ KİM YAPTI?
_c
JANE CHİSHOLM-STRUAN REİD
260
_b
TÜBİTAK YAYINLARI
999
_c
644427
_d
644427